La quema de Judas: una manifestación de la religiosidad popular en Heredia /
El presente artículo tiene como fin dar a conocer una manifestación de la religiosidad popular, durante la Semana Santa, en la comunidad de Barreal de Heredia, como es la quema de Judas y la lectura del testamento. Se toma además en consideración la perspectiva de Bajtín
Salvato in:
| Autore principale: | |
|---|---|
| Natura: | testo |
| Soggetti: | |
| Tags: |
Aggiungi Tag
Nessun Tag, puoi essere il primo ad aggiungerne!!
|
MARC
| LEADER | 00000 a a2200000 04500 | ||
|---|---|---|---|
| 001 | 13750 | ||
| 003 | |||
| 040 | |||
| 100 | |a Zapparoli Zecca, Mayra | ||
| 245 | |a La quema de Judas: |b una manifestación de la religiosidad popular en Heredia / |c Mayra Zapparoli Zecca | ||
| 520 | |a El presente artículo tiene como fin dar a conocer una manifestación de la religiosidad popular, durante la Semana Santa, en la comunidad de Barreal de Heredia, como es la quema de Judas y la lectura del testamento. Se toma además en consideración la perspectiva de Bajtín | ||
| 650 | |a PRACTICA RELIGIOSA | ||
| 650 | |a PRACTICAS TRADICIONALES | ||
| 650 | |a CULTURA POPULAR | ||
| 650 | |a MEMORIA COLECTIVA | ||
| 650 | |a ANTROPOLOGIA | ||
| 650 | |a RELIGION | ||
| 650 | |a OPINION | ||
| 650 | |a COSTA RICA | ||
| 773 | |g volumen 87, número 1; páginas 53-61 | ||
| 999 | |c 30509 |d 30509 | ||
